Full 2016 NFL Draft - Statistics

General Stats
  • This quiz has been taken 39 times
  • The average score is 21 of 253
Answer Stats
Round Pick Team Position College Answer % Correct
1 1 Los Angeles Rams QB California Jared Goff
100%
1 2 Philadelphia Eagles QB North Dakota State Carson Wentz
97%
1 4 Dallas Cowboys RB Ohio State Ezekiel Elliott
97%
1 5 Jacksonville Jaguars CB Florida State Jalen Ramsey
93%
1 3 San Diego Chargers DE Ohio State Joey Bosa
93%
1 6 Baltimore Ravens OT Notre Dame Ronnie Stanley
48%
1 7 San Francisco 49ers DT Oregon DeForest Buckner
41%
1 10 New York Giants CB Ohio State Eli Apple
41%
1 8 Tennessee Titans OT Michigan State Jack Conklin
38%
6 189 Dallas Cowboys CB Purdue Anthony Brown
34%
2 37 Kansas City Chiefs DT Mississippi State Chris Jones
34%
2 47 New Orleans Saints WR Ohio State Michael Thomas
34%
1 15 Cleveland Browns WR Baylor Corey Coleman
31%
1 26 Denver Broncos QB Memphis Paxton Lynch
31%
1 18 Indianapolis Colts C Alabama Ryan Kelly
31%
1 21 Houston Texans WR Notre Dame Will Fuller
31%
2 45 Tennessee Titans RB Alabama Derrick Henry
28%
1 27 Green Bay Packets DT UCLA Kenny Clark
28%
6 206 Los Angeles Rams WR Southern Miss Mike Thomas
28%
1 12 New Orleans Saints DT Louisville Sheldon Rankins
28%
1 16 Detroit Lions OT Ohio State Taylor Decker
28%
1 25 Pittsburgh Steelers CB Miami (FL) Artie Burns
24%
1 20 New York Jets LB Ohio State Darron Lee
24%
2 35 San Diego Chargers TE Arkansas Hunter Henry
24%
2 34 Dallas Cowboys LB Notre Dame Jaylon Smith
24%
1 22 Washington Redskins WR TCU Josh Doctson
24%
1 14 Oakland Raiders S West Virginia Karl Joseph
24%
1 17 Atlanta Falcons S Florida Keanu Neal
24%
1 23 Minnesota Vikings WR Ole Miss Laquon Treadwell
24%
1 13 Miami Dolphins OT Ole Miss Laremy Tunsil
24%
2 40 New York Giants WR Oklahoma Sterling Shepard
24%
1 11 Tampa Bay Buccaneers CB Florida Vernon Hargreaves III
24%
4 100 Oakland Raiders QB Michigan State Connor Cook
21%
4 135 Dallas Cowboys QB Mississippi State Dak Prescott
21%
1 9 Chicago Bears LB Georgia Leonard Floyd
21%
2 36 Jacksonville Jaguars LB UCLA Myles Jack
21%
1 29 Arizona Cardinals DT Ole Miss Robert Nkemdiche
21%
1 24 Cincinnati Bengals CB Houston William Jackson III
21%
2 38 Miami Dolphins CB Baylor Xavien Howard
21%
2 52 Atlanta Falcons LB LSU Deion Jones
17%
1 31 Seattle Seahawks OT Texas A&M Germain Ifedi
17%
1 19 Buffalo Bills DE Clemson Shaq Lawson
17%
3 81 Atlanta Falcons TE Stanford Austin Hooper
14%
3 93 Cleveland Browns QB USC Cody Kessler
14%
2 32 Cleveland Browns DE Oklahoma State Emmanuel Ogbah
14%
3 91 New England Patriots QB NC State Jacoby Brissett
14%
1 28 San Francisco 49ers G Stanford Joshua Garnett
14%
3 73 Miami Dolphins RB Alabama Kenyan Drake
14%
2 33 Tennessee Titans LB Clemson Kevin Dodd
14%
2 59 Tampa Bay Buccaneers K Florida State Roberto Aguayo
14%
2 55 Cincinnati Bengals WR Pittsburgh Tyler Boyd
14%
2 46 Detroit Lions DT Alabama A'Shawn Robinson
10%
2 43 Tennessee Titans DT Penn State Austin Johnson
10%
6 201 Jacksonville Jaguars QB Arkansas Brandon Allen
10%
3 85 Houston Texans WR Ohio State Braxton Miller
10%
4 139 Buffalo Bills QB Ohio State Cardale Jones
10%
2 51 New York Jets QB Penn State Christian Hackenberg
10%
3 79 Philadelphia Eagles G Oregon State Isaac Seumalo
10%
2 49 Seattle Seahawks DT Alabama Jarran Reed
10%
2 44 Oakland Raiders DE Illinois Jihad Ward
10%
5 150 Chicago Bears RB Indiana Jordan Howard
10%
2 42 Baltimore Ravens LB Boise State Kamalei Correa
10%
2 39 Tampa Bay Buccaneers DE Eastern Kentucky Noah Spence
10%
5 165 Kansas City Chiefs WR West Alabama Tyreek Hill
10%
1 30 Carolina Panthers DT Louisiana Tech Vernon Butler
10%
2 61 New Orleans Saints S Ohio State Vonn Bell
10%
2 56 Chicago Bears G Kansas State Cody Whitehair
7%
4 120 New Orleans Saints DT Manitoba David Onyemata
7%
4 136 Denver Broncos RB Utah Devontae Booker
7%
6 178 Kansas City Chiefs CB Georgia Tech D.J. White
7%
2 62 Carolina Panthers CB Samford James Bradberry
7%
6 207 San Francisco 49ers QB Louisiana Tech Jeff Driskel
7%
3 78 New England Patriots G NC State Joe Thuney
7%
3 72 Chicago Bears DT Florida Jonathan Bullard
7%
3 98 Denver Broncos S Boston College Justin Simmons
7%
3 84 Washington Redskins CB Virginia Tech Kendall Fuller
7%
3 64 Tennessee Titans S Middle Tennessee Kevin Byard
7%
5 162 Kansas City Chiefs QB Stanford Kevin Hogan
7%
4 112 New England Patriots WR Georgia Malcolm Mitchell
7%
5 146 Baltimore Ravens DE Grand Valley State Matthew Judon
7%
2 50 Houston Texans C Notre Dame Nick Martin
7%
5 149 New York Giants RB UCLA Paul Perkins
7%
2 41 Buffalo Bills LB Alabama Reggie Ragland
7%
2 53 Washington Redskins S USC Su'a Cravens
7%
4 119 Houston Texans RB San Jose State Tyler Ervin
7%
2 63 Denver Broncos DT Georgia Tech Adam Gotsis
3%
3 80 Buffalo Bills DT Ohio State Adolphus Washington
3%
5 171 Seattle Seahawks RB Arkansas Alex Collins
3%
4 122 Cincinnati Bengals DT Baylor Andrew Billings
3%
6 176 Denver Broncos FB Nebraska Andy Janovich
3%
7 252 Carolina Panthers TE Montana State Beau Sandland
3%
4 131 Green Bay Packers LB Stanford Blake Martinez
3%
7 223 Miami Dolphins QB Western Kentucky Brandon Doughty
3%
3 65 Cleveland Browns DE Penn State Carl Nassib
3%
4 107 Baltimore Ravens WR Cincinnati Chris Moore
3%
3 90 Seattle Seahawks RB Notre Dame C.J. Prosise
3%
4 137 Green Bay Packers DE Northwestern Dean Lowry
3%
7 229 Pittsburgh Steelers WR Houston Demarcus Ayers
3%
4 126 Kansas City Chiefs WR Florida Demarcus Robinson
3%
4 115 Atlanta Falcons LB Minnesota De'Vondre Campbell
3%
5 166 Houston Texans DT Clemson D.J. Reader
3%
7 236 Detroit Lions RB Washington Dwayne Washington
3%
3 95 Detroit Lions C Michigan Graham Glasgow
3%
6 186 Miami Dolphins WR Texas Tech Jakeem Grant
3%
6 191 Detroit Lions QB Michigan Jake Rudock
3%
7 233 Philadelphia Eagles CB LSU Jalen Mills
3%
5 175 San Diego Chargers LB Akron Jatavis Brown
3%
3 89 Pittsburgh Steelers DT South Carolina State Javon Hargrave
3%
7 244 Minnesota Vikings S Clemson Jayron Kearse
3%
4 123 Pittsburgh Steelers OT LSU Jerald Hawkins
3%
7 251 Philadelphia Eagles LB Oregon Joe Walker
3%
7 253 Tennessee Titans CB Southern Miss Kalan Reed
3%
7 242 Washington Redskins RB Georgia Keith Marshall
3%
5 159 Houston Texans S West Virginia K.J. Dillon
3%
6 192 Buffalo Bills WR TCU Kolby Listenbee
3%
3 86 Miami Dolphins WR Rutgers Leonte Carroo
3%
3 82 Indianapolis Colts OT Texas Tech Le'Raven Clark
3%
2 54 Minnesota Vikings CB Clemson Mackensie Alexander
3%
3 67 Dallas Cowboys DT Nebraska Maliek Collins
3%
4 111 Detroit Lions S Southern Utah Miles Killebrew
3%
6 187 Washington Redskins QB Indiana Nate Sudfeld
3%
3 94 Seattle Seahawks TE Ohio State Nick Vannett
3%
4 117 Los Angeles Rams WR South Carolina Pharoh Cooper
3%
7 249 San Francisco 49ers CB Western Kentucky Prince Charles Iworah
3%
5 172 Cleveland Browns WR Colorado State Rashard Higgins
3%
6 217 Dallas Cowboys TE Baylor Rico Gathers
3%
2 58 Pittsburgh Steelers S Maryland Sean Davis
3%
4 138 Cleveland Browns TE Princeton Seth DeValve
3%
4 103 Jacksonville Jaguars DT Notre Dame Sheldon Day
3%
6 221 New England Patriots G Illinois Ted Karras
3%
6 177 Los Angeles Rams TE South Carolina State Temarrick Hemingway
3%
5 163 Green Bay Packers WR California Trevor Davis
3%
4 110 Los Angeles Rams TE Western Kentucky Tyler Higbee
3%
5 153 Philadelphia Eagles RB West Virginia Wendell Smallwood
3%
6 219 Denver Broncos S Arizona Will Parks
3%
3 69 Jacksonville Jaguars DE Maryland Yannick Ngakoue
3%
6 213 San Francisco 49ers WR Michigan State Aaron Burbridge
0%
7 222 Tennessee Titans LB UCLA Aaron Wallace
0%
4 130 Baltimore Ravens OT Nebraska Alex Lewis
0%
7 240 Philadelphia Eagles DE Florida Alex McCallister
0%
6 202 Detroit Lions DE Penn State Anthony Zettel
0%
4 125 Indianapolis Colts LB Florida Antonio Morrison
0%
5 169 Detroit Lions LB Georgia Southern Antwione Williams
0%
7 248 Indianapolis Colts C Iowa Austin Blythe
0%
4 109 New York Giants LB Clemson B.J. Goodson
0%
6 196 Philadelphia Eagles CB Auburn Blake Countess
0%
5 158 New York Jets OT South Carolina Brandon Shell
0%
3 92 Arizona Cardinals CB Texas A&M Brandon Williams
0%
3 70 Baltimore Ravens DE BYU Bronson Kaufusi
0%
5 148 Tampa Bay Buccaneers OT UCLA Caleb Benenoch
0%
4 101 Dallas Cowboys DE Oklahoma Charles Tapper
0%
7 241 New York Jets WR Clemson Charone Peake
0%
5 161 Cincinnati Bengals G Arizona State Christian Westerman
0%
7 245 Cincinnati Bengals S Illinois Clayton Fejedelem
0%
6 199 Cincinnati Bengals WR Ole Miss Cody Core
0%
5 170 Arizona Cardinals OT Harvard Cole Toner
0%
5 144 Denver Broncos G Missouri Connor McGovern
0%
6 194 Oakland Raiders LB Colorado State Cory James
0%
2 60 New England Patriots CB Alabama Cyrus Jones
0%
6 203 Kansas City Chiefs LB Virginia Tech Dadi Nicolas
0%
7 230 Chicago Bears WR Western Michigan Daniel Braverman
0%
7 237 New Orleans Saints RB California Daniel Lasco
0%
6 197 Tampa Bay Buccaneers FB Northwestern Danny Vitale
0%
3 71 New York Giants S Boise State Darian Thompson
0%
6 216 Dallas Cowboys RB Eastern Michigan Darius Jackson
0%
3 77 Carolina Panthers CB West Virginia Daryl Worley
0%
6 188 Minnesota Vikings TE UTSA David Morgan
0%
6 185 Chicago Bears CB William & Mary DeAndre Houston-Carson
0%
5 143 Oakland Raiders RB Texas Tech DeAndre Washington
0%
4 127 Chicago Bears CB Northern Iowa Deiondre' Hall
0%
4 124 Chicago Bears S Miami (FL) Deon Bush
0%
6 198 San Diego Chargers FB Wisconsin Derek Watt
0%
4 129 Cleveland Browns S TCU Derrick Kindred
0%
7 238 Atlanta Falcons WR UCLA Devin Fuller
0%
7 225 New England Patriots WR Arizona State Devin Lucien
0%
7 224 San Diego Chargers G Michigan State Donovan Clark
0%
6 179 San Diego Chargers P Texas A&M Drew Kaser
0%
6 214 New England Patriots LB Houston Elandon Roberts
0%
4 106 Kansas City Chiefs S Minnesota Eric Murray
0%
4 128 Arizona Cardinals C Missouri Evan Boehm
0%
5 174 San Francisco 49ers OT Ole Miss Fahn Cooper
0%
5 164 Philadelphia Eagles OT TCU Halapoulivaati Vaitai
0%
6 205 Arizona Cardinals CB Southeastern Louisiana Harlan Miller
0%
4 116 Indianapolis Colts DT Texas Hassan Ridgeway
0%
2 48 Green Bay Packers OT Indiana Jason Spriggs
0%
6 184 New York Gaints TE South Carolina Jerell Adams
0%
6 210 Detroit Lions LS Baylor Jimmy Landes
0%
5 151 Detroit Lions G Washington State Joe Dahl
0%
5 155 Indianapolis Colts OT North Dakota State Joe Haeg
0%
4 99 Cleveland Browns LB Wisconsin Joe Schobert
0%
6 215 Seattle Seahawks C TCU Joey Hunt
0%
5 145 San Francisco 49ers OT Georgia John Theus
0%
5 156 Buffalo Bills RB Arkansas Jonathan Williams
0%
7 226 Jacksonville Jaguars DE Central Arkansas Jonathan Woodard
0%
3 83 New York Jets LB Georgia Jordan Jenkins
0%
6 204 Miami Dolphins S Penn State Jordan Lucas
0%
5 154 Cleveland Browns WR UCLA Jordan Payton
0%
6 190 Los Angeles Rams LB Kentucky Josh Forrest
0%
4 102 San Diego Chargers LB Ohio State Joshua Perry
0%
4 118 New York Jets CB NC State Juston Burris
0%
6 208 New England Patriots LB Eastern Illinois Kamu Grugier-Hill
0%
6 212 Dallas Cowboys S Central Michigan Kavon Frazier
0%
6 182 Baltimore Ravens WR Navy Keenan Reynolds
0%
6 211 San Francisco 49ers RB Florida Keith Taylor
0%
3 74 Kansas City Chiefs CB Notre Dame KeiVarae Russell
0%
4 134 Baltimore Ravens RB Louisiana Tech Kenneth Dixon
0%
7 243 Seattle Seahawks LB California Kenny Lawler
0%
5 160 Minnesota Vikings LB Missouri Kentrell Brothers
0%
6 218 Buffalo Bills CB USC Kevon Seymour
0%
6 200 Green Bay Packers OT Stanford Kyle Murphy
0%
3 88 Green Bay Packers LB Utah State Kyler Fackrell
0%
7 235 New York Jets P Sam Houston State Lachlan Edwards
0%
5 157 Tennessee Titans CB Southern Utah LeShaun Sims
0%
5 167 Arizona Cardinals S Midwestern State Marqui Christian
0%
5 152 Washington Redskins DT Temple Matt Ioannidis
0%
6 209 Baltimore Ravens CB Virginia Maurice Canady
0%
3 66 San Diego Chargers C USC Max Tuerk
0%
6 180 Minnesota Vikings WR N/A Moritz Bohringer
0%
4 113 Chicago Bears LB West Virginia Nick Kwiatkoski
0%
3 87 Cincinnati Bengals LB Utah State Nick Vigil
0%
4 105 Kansas City Chiefs G Cincinnati Parker Ehinger
0%
5 147 Seattle Seahawks DT Maryland Quinton Jefferson
0%
4 133 San Francisco 49ers CB LSU Rashard Robinson
0%
3 97 Seattle Seahawks OT Boise State Rees Odhiambo
0%
4 114 Cleveland Browns WR Auburn Ricardo Louis
0%
7 228 Denver Broncos P Syracuse Riley Dixon
0%
5 142 San Francisco 49ers DE Appalachian State Ronald Blair
0%
4 108 Tampa Bay Buccaneers CB North Carolina Central Ryan Smith
0%
7 250 Cleveland Browns LB Arizona Scooby Wright
0%
6 193 Tennessee Titans G Arkansas Sebastian Tretola
0%
3 75 Oakland Raiders DE Michigan State Shilique Calhoun
0%
3 76 Cleveland Browns OT Auburn Shon Coleman
0%
5 168 Cleveland Browns OT Baylor Spencer Drango
0%
7 227 Minnesota Vikings DE Vanderbilt Stephen Weatherly
0%
7 232 Washington Redskins LB Boston College Steven Daniels
0%
5 140 Tennessee Titans WR UMass Tajae Sharpe
0%
4 104 Baltimore Ravens CB Temple Tavon Young
0%
6 183 Tampa Bay Buccaneers LB Oklahoma Terrell Bonds
0%
7 231 Miami Dolphins TE UCLA Thomas Duarte
0%
2 57 Indianapolis Colts CB Clemson T.J. Jones
0%
6 220 Pittsburgh Steelers LB Washington Travis Feeney
0%
7 239 Indianapolis Colts LB Maine Trevor Bates
0%
5 173 Cleveland Browns CB Louisiana-Monroe Trey Caldwell
0%
7 246 Pittsburgh Steelers LB Temple Tyler Matakevich
0%
6 181 Jacksonville Jaguars DE Montana Tyrone Holmes
0%
7 234 Oakland Raiders G LSU Vadal Alexander
0%
3 96 New England Patriots DT Nebraska Vincent Valentine
0%
6 195 Atlanta Falcons G San Jose State Wes Schweitzer
0%
4 121 Minnesota Vikings G Western Michigan Willie Beavers
0%
4 132 Baltimore Ravens DT Michigan Willie Henry
0%
3 68 San Francisco 49ers CB Mississippi State Will Redmond
0%
7 247 Seattle Seahawks RB Clemson Zac Brooks
0%
5 141 Carolina Panthers CB Oklahoma Zack Sanchez
0%
No matching quizzes found
Score Distribution
Percent of People with Each Score
Percentile by Number Answered
Your Score History
You have not taken this quiz